000 01620nam a22002537i 4500
003 DO-SdBNP
005 20231103114227.0
006 a||||fr|||| 00| 0
007 ta
008 231101e2020 dr ad||| |||| 00| 0 spa d
040 _aDO-SdBNP
_bspa
_cBNPHU
_erda
082 4 _222
_bC364c
245 1 3 _aEl capital intelectual en las instituciones de educación superior: marco teórico y gestión:
_bel caso de la universidad Autónoma de Santo Domingo. /
_cPablo Castillo
264 _aSanto Domingo :
_b[sin editora],
_c2020
300 _a419 páginas :
_bIlustraciones, gráficas ;
_c27 cm.
336 _2rdacontent
_atexto
_btxt
337 _2rdamedia
_asin mediación
_bn
338 _2rdacarrier
_avolumen
_bnc
500 _aIncluye bibliografía y notas al pie de páginas.
500 _aIncluye índices.
505 _aÍndice de cuadros.-- Índice de gráficos.-- Índice de tablas.-- Índice de acrónimos.--
_gIntroducción
_t1. Metodología.--
_t2. Marco Teórico y Conceptual.--
_t3. La Gestión del Capital Intelectual en las IES.--
_t4. La Gestión del Capital Intelectual Estructural.--
_t5. El Sistema de Educación Superior de la República Dominicana.--
_t6. Informe de Capital Intelectual Estructural de la UASD. Estado de Situación.--
_t7. Informe de Capital Intelectual Humano de la UASD. Estado de Situación.--
_t8. Informe de Capital Intelectual Relacional de la UASD. Estado de Situación.
_tConclusiones.--
_tReferencias Bibliográficas.--
_tAnexos.
_tApéndice A.-- Apéndice B.-- Apéndice C.-- Apéndice D.--
_tFormulario de Evaluación profesoral.
590 _aInventariado 2023 / MF
942 _2ddc
_cLBS1
999 _c55371
_d55371